[Event "Washington Class Championships"]
[Site "Lynnwood, WA"]
[Date "2013.12.01"]
[Round "5"]
[White "Landingin Jofrel  (CAN)"]
[Black "Brusniak Benjamin  (WA)"]
[Result "1-0"]
[WhiteElo "1932"]
[BlackElo "1669"]
[Annotator ""]
[Source ""]
[Remark "A"]

1.d4 d5 2.c4 c6 3.e3 Nf6 4.Nc3 g6 5.Bd3 Bg7 6.Nge2 O-O 7.O-O
Nbd7 8.f4 dxc4 9.Bxc4 b5 ( 9...b5 10.Bd3 Qb6 11.Kh1 Ne8 12.Bd2
Nd6 13.Be1 e6 14.Ne4 c5 15.Nxd6 Qxd6 16.Bxb5 cxd4 17.Nxd4 Rb8
18.Bc3 Nf6 19.Bc6 Nd5 20.Bxd5 Qxd5 21.Nb3 Bb7 22.Qxd5 Bxd5 23.Nd4
e5 24.fxe5 Bxe5 25.Nc6 Bxc6 26.Bxe5 Rbc8 27.Rf2 Bd5 28.h3 Rc6
29.b4 Rfc8 30.Kh2 Rc2 31.Raf1 Bxa2 32.Rxc2 Rxc2 33.Rd1 Rc8 {1/2-1/2, Apalev Sergey (RUS) 2255 - Skorchenko Dmitriy (RUS) 2436, Slaviansk-na-Kubani (Russia) 2002}
) 10.Bd3 a6 11.Kh1 Bb7 12.b4 Nb6 13.e4 a5 14.bxa5 Rxa5 15.f5
b4 16.Nb1 c5 17.Nd2 c4 18.Bc2 b3 19.Bb1 bxa2 20.Bc2 Qa8 21.Ng3
Nfd5 22.Nf3 Nb4 23.Re1 Nxc2 24.Qxc2 gxf5 25.Nxf5 e6 26.Nxg7 Kxg7
27.Qd2 Bxe4 28.Rxe4 Qxe4 29.Qxa5 Qc2 30.Qxa2 Qxa2 31.Rxa2 Rd8
32.Be3 Nd5 33.Bg5 f6 34.Bc1 c3 35.Rc2 Rc8 36.Kg1 Nb4 37.Rf2 Nd3
38.Rf1 c2 39.Nd2 Ra8 40.Nb3 Rb8 41.Nc5 Nxc1 42.Rxc1 Rb1 43.Nd3
e5 44.Kf2 e4 45.Rxc2 exd3 46.Rd2 Kf7 47.Ke3 Ke6 48.Rxd3 Kd5 49.g3
Re1+ 50.Kf4 Rf1+ 51.Rf3 Rh1 52.h4 Ke6 53.d5+ Kxd5 54.Kf5 Rd1
55.Kxf6 Ke4 56.Rf4+ Ke3 57.Kg7 Rg1 58.Rg4 Kf3 59.Rg5 Rxg3 60.Rxg3+
Kxg3 61.h5 1-0

[Event "Washington Class Championships"]
[Site "Lynnwood, WA"]
[Date "2013.12.01"]
[Round "5"]
[White "Hendricks David  (WA)"]
[Black "Cherepakhin Olga  (WA)"]
[Result "0-1"]
[WhiteElo "1693"]
[BlackElo "1679"]
[Annotator ""]
[Source ""]
[Remark "B"]

1.d4 d5 2.Bf4 Nf6 3.e3 e6 4.Nf3 Be7 5.h3 b6 6.Nbd2 Bb7 7.c3 Nbd7
8.Bd3 c5 9.O-O O-O 10.Re1 Rc8 11.Ne5 Nxe5 12.dxe5 ( 12.Bxe5 Nd7
13.Bg3 Bf6 14.f4 g6 15.Nf3 Bg7 16.Ne5 Nf6 17.Bh4 Qc7 18.Qe2 Ne4
19.Rf1 f6 20.Ng4 Nd6 21.Bg3 Qd7 22.Bh2 Bc6 23.Nf2 Bb5 24.Rad1
Bxd3 25.Qxd3 Qb5 26.Qxb5 Nxb5 27.Rfe1 f5 28.Kf1 Nd6 29.Ke2 Kf7
30.Rb1 Bf6 31.Nd3 Ne4 32.Nf2 Ke7 33.Nxe4 dxe4 34.g4 Rfd8 35.Red1
c4 36.Bg3 Rd5 37.Rd2 Kf7 38.Kf2 Rc6 39.Rdd1 Rd7 40.Rd2 Be7 41.Rbd1
Rd5 42.Rc2 Ra5 43.Ra1 Ke8 44.Ke2 b5 45.Be1 Kd7 46.a3 Raa6 47.Rd1
Kd6 48.Kd2 Kd5 49.Kc1 Rab6 50.Rdd2 a5 51.Rg2 b4 52.axb4 axb4
53.cxb4 Ra6 54.Kb1 Ra4 55.b5 Rb6 56.h4 Rxb5 57.h5 Rb6 58.Bc3
Rba6 59.Kc1 Ra1+ 60.Kd2 Rh1 61.Rc1 Rh4 62.hxg6 hxg6 63.Rcg1 Rh8
64.gxf5 gxf5 65.Rg8 Rh2+ 66.R1g2 Rh1 67.Rg1 Rh3 68.R1g3 Rh5 69.Rg1
Ra4 70.Kc2 Bd6 71.R1g5 Rh3 72.Rg3 Rh4 73.R8g7 Ra1 74.Rg1 Rxg1
75.Rxg1 Rh2+ 76.Kd1 Be7 77.Rg8 Rh1+ 78.Ke2 Rh2+ 79.Kd1 Rh1+ 80.Ke2
Rh2+ 81.Kd1 Rh7 82.Ke2 Bd6 83.Rd8 Rb7 84.Kd2 Rb6 85.Rc8 Rc6 86.Rd8
Rb6 87.Rc8 {1/2-1/2, Huss B 2090 - Malloni Marcello (ITA) 2276, Caorle (Italy) 1988}
) Ne4 13.f3 c4 14.Bxe4 dxe4 15.Nxe4 Bxe4 16.fxe4 Qd3 17.Qf3 b5
18.a3 a5 19.Rad1 Qc2 20.Rd7 Bc5 21.Re2 Qb3 22.Red2 b4 23.Rb7
Rb8 24.Rxb8 Rxb8 25.axb4 axb4 26.Qd1 bxc3 27.Rd8+ Rxd8 28.Qxd8+
Bf8 29.bxc3 Qxc3 30.Bg5 Qb4 31.Bh4 h6 32.Kf1 Kh7 33.Be1 Qa3 34.Qc7
Bc5 35.Qxf7 Qxe3 36.Qf2 Qd3+ 37.Qe2 Qb3 38.Qd2 c3 39.Qd3 Qa2
40.Qe2 Qb1 41.Qc4 c2 0-1

[Event "Washington Class Championships"]
[Site "Lynnwood, WA"]
[Date "2013.12.01"]
[Round "5"]
[White "Newstead Brumas  (WA)"]
[Black "Getz Nate  (WA)"]
[Result "0-1"]
[WhiteElo "1510"]
[BlackElo "1275"]
[Annotator ""]
[Source ""]
[Remark "D"]

1.e4 c5 2.c3 Nf6 3.e5 Nd5 4.Nf3 Nc6 5.d4 cxd4 6.cxd4 e6 7.Nc3
Nxc3 8.bxc3 d6 9.Bf4 d5 10.Bd3 Qa5 11.Qc2 b6 12.O-O Ba6 13.a4
Bxd3 14.Qxd3 Be7 15.Rfb1 O-O 16.Ng5 Bxg5 17.Bxg5 Rac8 18.Qg3
Kh8 19.Rd1 Rc7 20.Bf6 Rg8 21.Bg5 Ne7 22.Rd3 Nf5 23.Qh3 Rc4 24.g4
Nh6 25.Be7 Rxa4 26.Rb1 Ra1 27.Rxa1 Qxa1+ 28.Kg2 Qb1 29.g5 Nf5
30.Bd6 Nh4+ 31.Qxh4 Qxd3 32.Qg3 Qxg3+ 33.Kxg3 Rc8 34.h4 Rxc3+
35.Kf4 0-1

[Event "Washington Class Championships"]
[Site "Lynnwood, WA"]
[Date "2013.12.01"]
[Round "5"]
[White "Whitmer Charles  (WA)"]
[Black "Low Kevin  (CAN)"]
[Result "1-0"]
[WhiteElo "1645"]
[BlackElo "1545"]
[Annotator ""]
[Source ""]
[Remark "B"]

1.e4 c5 2.Nf3 e6 3.d4 cxd4 4.Nxd4 a6 5.Be3 Nf6 6.Nd2 Qc7 7.Bd3
Be7 8.f4 O-O 9.O-O b5 10.Qf3 Bb7 11.Qh3 d6 {??} 12.e5 dxe5 13.fxe5
Qxe5 14.Rxf6 g6 15.Rff1 Bc5 16.N2b3 Bb6 17.Rae1 Qd5 18.Qf3 Qxf3
19.Nxf3 Bxe3+ 20.Rxe3 Rd8 21.Ne5 f5 22.Be2 Ra7 23.Na5 Be4 24.Bf3
Bxf3 25.Nxf3 Rd6 26.Rfe1 Nc6 27.Nxc6 Rxc6 28.c3 Re7 29.Ng5 h6
30.Rxe6 Rcxe6 31.Rxe6 Rxe6 32.Nxe6 a5 33.Nd8 a4 34.Nb7 f4 35.Kf2
g5 36.Nd6 g4 37.Nxb5 h5 38.c4 h4 39.c5 Kf7 40.c6 Ke7 41.Nd4 g3+
42.hxg3 fxg3+ 43.Kf3 Kd6 44.Kg4 h3 45.Kxh3 a3 46.b4 Kc7 47.b5
Kb6 48.Ne6 Ka7 49.c7 Kb7 50.b6 Kc8 51.Nd4 Kb7 52.Nc6 Kxc6 53.c8Q+
Kxb6 54.Kxg3 Kb5 55.Kf4 Kb4 56.Ke5 Kb5 57.Kd5 Kb4 58.Qc4+ Ka5
59.Qb3 Ka6 60.Kc6 Ka7 61.Qb7# 1-0

[Event "Washington Class Championships"]
[Site "Lynnwood, WA"]
[Date "2013.12.01"]
[Round "5"]
[White "Eken Winston  (WA)"]
[Black "Olson Travis  (WA)"]
[Result "0-1"]
[WhiteElo "1622"]
[BlackElo "1737"]
[Annotator ""]
[Source ""]
[Remark "B"]

1.e4 c5 2.Nf3 g6 3.d4 cxd4 4.Qxd4 Nf6 5.e5 Nc6 6.Qf4 Nd5 7.Qe4
Ndb4 8.c3 d5 9.exd6 Bf5 10.Qxf5 gxf5 11.cxb4 Nxb4 12.Bb5+ Nc6
13.O-O Qxd6 14.Nc3 O-O-O 15.Be3 Kb8 16.Rfc1 e5 17.Bc4 f4 18.Nb5
Qf6 19.Bd2 a6 20.Na3 Bxa3 21.bxa3 Nd4 22.Nxd4 Rxd4 23.Ba5 h5
24.Be2 h4 25.Rab1 Ka8 26.Rb6 Qe7 27.Rb3 h3 28.g3 fxg3 29.fxg3
f5 30.Rc7 Qg5 31.Rbxb7 Qe3+ 32.Kf1 Re4 33.Rb2 Rd8 34.Rcb7 Qxe2+
35.Rxe2 Rd1+ 36.Kf2 Kxb7 37.Rc2 Rd7 38.Bb4 Rc7 39.Rb2 Kc6 40.Rc2+
Kd7 41.Rd2+ Rd4 42.Re2 e4 43.Ke3 Rd3+ 44.Kf4 Ke6 45.Kg5 Rg7+
46.Kh4 Rh7+ 47.Kg5 Ke5 48.Rf2 Rf3 49.Rd2 e3 50.Bc3+ Ke6 51.Re2
Kd5 52.Kf6 Ke4 53.Ba5 Rf2 54.Re1 Rxh2 55.Rb1 Rd2 56.Rb6 Rd5 57.Re6+
Kf3 58.Bc3 Rc7 59.Bb4 h2 0-1

[Event "Washington Class Championships"]
[Site "Lynnwood, WA"]
[Date "2013.12.01"]
[Round "5"]
[White "Fryberg Skylor  (WA)"]
[Black "Soetedjo James  (WA)"]
[Result "1-0"]
[WhiteElo "1894"]
[BlackElo "1753"]
[Annotator ""]
[Source ""]
[Remark "A"]

1.e4 c5 2.Nc3 Nc6 3.f4 d6 4.Nf3 Nf6 5.d3 e6 6.Be2 Be7 7.O-O O-O
8.h3 d5 9.e5 ( 9.e5 Nh5 10.Qe1 g6 11.a3 f6 12.g4 Ng7 13.Qg3 a6
14.Bd2 b5 15.Nd1 Bb7 16.c3 fxe5 17.fxe5 d4 18.Nf2 Na5 19.Rad1
Nb3 20.Bh6 dxc3 21.bxc3 Qa5 22.Ne4 Bxe4 23.dxe4 Rad8 24.Ng5 c4
25.Bxg7 Qb6+ 26.Kg2 Rxf1 27.Rxf1 Bxg5 28.Bf6 Bxf6 29.exf6 Rd7
30.Qf4 Qc7 31.e5 Nc5 32.Qf3 Kf7 33.Qe3 Nd3 34.Rd1 Nxe5 35.Rxd7+
Nxd7 36.g5 Qc5 37.Qf4 Qe5 38.Qxe5 Nxe5 39.Kf2 h6 40.h4 hxg5 41.hxg5
Ke8 42.Ke3 Kd7 43.Bd1 {1/2-1/2, Overas Alf - Glenne Bjorn Erik (NOR) 2205, Norway 1992}
) Nd7 10.Kh1 f6 11.exf6 Bxf6 12.Re1 Re8 13.Bf1 Nb6 14.Ne2 c4
15.d4 Bd7 16.c3 Nc8 17.g3 Nd6 18.Bg2 b5 19.Ne5 Bxe5 20.dxe5 Nf5
21.g4 Nh4 22.Be3 Nxg2 23.Kxg2 Qe7 24.Rf1 Kh8 25.Qe1 b4 26.Qf2
bxc3 27.bxc3 Qf7 28.Nd4 Qg6 29.Kh2 Qd3 30.Nxc6 Bxc6 31.Bd4 Rf8
32.f5 g5 33.Rae1 Ba4 34.Re3 Qc2 35.Re2 Qd3 36.Rd2 Qe4 37.Re1
Qf4+ 38.Qxf4 gxf4 39.Rf1 Bd7 40.Rxf4 Kg8 41.Rdf2 h5 42.Bc5 Rf7
43.Bd6 Rc8 44.f6 Rc6 45.gxh5 Rxd6 46.exd6 e5 47.R4f3 Kh7 48.Rg3
d4 49.Rg5 dxc3 50.Rxe5 Ba4 51.Rc5 c2 52.Rxc4 Rb7 53.Rfxc2
( 53.f7 ) Bxc2 54.Rxc2 Rb6 55.Rd2 Rb8 56.Kg3 Kg8 57.Kf4 Kf7 58.d7
Rd8 59.Kf5 a5 60.a4 Rc8 {%02  The scoresheet doesn't provide White's move #61, but it has to be a capture with underpromotion to N or B.}
 1-0

[Event "Washington Class Championships"]
[Site "Lynnwood, WA"]
[Date "2013.12.01"]
[Round "5"]
[White "Whitmer Audrey  (WA)"]
[Black "Michaels Thomas Jr  (WA)"]
[Result "0-1"]
[WhiteElo "1019"]
[BlackElo "1309"]
[Annotator ""]
[Source ""]
[Remark "D"]

1.e4 e5 2.Nf3 Nf6 3.Nxe5 d6 4.Nf3 Nxe4 5.d3 Nf6 6.Nc3 Qe7+ 7.Be2
Bd7 8.Bg5 h6 9.Nd5 Qd8 10.Nxf6+ gxf6 11.Bf4 Nc6 12.Qd2 Qe7 13.O-O-O
O-O-O 14.Rhe1 Qe6 15.Kb1 f5 16.Qc3 Rg8 17.g3 Bg7 18.Qa3 Kb8 19.d4
Qf6 20.Be3 d5 21.Bb5 a6 22.Bd3 Bf8 23.Qb3 Nb4 24.a3 Nxd3 25.Rxd3
Bb5 26.Rc3 Bc4 27.Qa4 Qb6 28.Ka1 Bb5 29.Qb3 Qa5 30.Bf4 Bc4 31.Rxc4
dxc4 32.Qxc4 Bd6 33.Bxd6 Rxd6 34.Qxf7 Rgd8 35.c3 Qb5 36.Nh4 Rd5
37.Qh7 Re8 38.Rd1 Qe2 39.Rb1 Qxf2 40.Qxh6 Re1 41.Rxe1 Qxe1+ 42.Ka2
Qf2 43.Ng6 Rb5 44.Qc1 Qxh2 45.Nf4 Qxg3 46.Nh5 Qh2 47.Nf4 Rb6
48.Nd3 Rg6 49.Nf4 Rg4 50.Nd3 f4 51.Ne5 Rg8 ( 51...Rg1 ) 52.Nf3
Qg3 53.Ne5 f3 54.Nd3 f2 55.Nxf2 Qxf2 56.Qh6 Qf7+ 57.Kb1 Rg1+
58.Kc2 Rg2+ 59.Kd3 Rg3+ 60.Kc2 a5 61.Qd2 a4 0-1

[Event "Washington Class Championships"]
[Site "Lynnwood, WA"]
[Date "2013.11.30"]
[Round "4"]
[White "He Daniel  (WA)"]
[Black "Raptis Nick  (OR)"]
[Result "0-1"]
[WhiteElo "2206"]
[BlackElo "2343"]
[Annotator ""]
[Source ""]
[Remark "Master"]

1.Nf3 Nf6 2.c4 c6 3.e3 g6 4.b3 Bg7 5.Bb2 O-O 6.Be2 d6 7.O-O e5
8.Nc3 Re8 9.d4 e4 10.Ne1 Bf5 11.d5 c5 12.g4 Bc8 13.Ng2 g5 14.h3
Nbd7 15.f4 exf3 16.Bxf3 Ne5 17.Qc2 h5 18.gxh5 Bxh3 19.Bd1 Qe7
20.Re1 Qd7 21.e4 Neg4 22.Qd2 Bh6 23.b4 cxb4 24.Nb5 a6 25.Nd4
Nxe4 26.Rxe4 Rxe4 27.Bc2 Rae8 28.Ne6 Rxc4 29.Bd3 Rc3 30.Nxg5
Bxg2 31.Bxc3 bxc3 32.Qxg2 Bxg5 33.Rf1 Re5 34.h6 Be3+ 0-1

[Event "Washington Class Championships"]
[Site "Lynnwood, WA"]
[Date "2013.11.30"]
[Round "4"]
[White "Golub David  (WA)"]
[Black "Omori Michael  (WA)"]
[Result "1-0"]
[WhiteElo "2244"]
[BlackElo "2179"]
[Annotator ""]
[Source ""]
[Remark "Master"]

1.e4 c5 2.Nf3 e6 3.d4 cxd4 4.Nxd4 a6 5.g3 d5 6.Bg2 dxe4 7.O-O
e5 8.Nb3 Qxd1 9.Rxd1 f5 10.Nc3 Nf6 11.Bg5 Be7 ( 11...Be6 12.f3
exf3 13.Bxf6 gxf6 14.Bxf3 Nc6 15.Bd5 Kf7 16.Bxe6+ Kxe6 17.Nd5
Rc8 18.Rd2 Nb4 19.Nc3 Bh6 20.Re2 Rhd8 21.a3 Nc6 22.Nc5+ Ke7 23.Nxb7
Rd7 24.Nc5 Nd4 25.Nxd7 Nxe2+ 26.Nxe2 Rxc2 27.Nxf6 Kxf6 28.Kf1
Rxb2 29.Rd1 Bd2 30.h4 a5 31.a4 Kg6 32.Nc1 e4 33.Nb3 Rxb3 34.Rxd2
Rxg3 35.Rd5 Rf3+ 36.Ke2 Kh5 37.Rxa5 Kxh4 38.Ra7 h5 39.a5 Ra3
40.a6 Kg4 41.Rg7+ Kf4 42.a7 Ra2+ 43.Ke1 Kf3 44.Rf7 f4 45.Re7
e3 {1-0, Bercys Salvijus (USA) 2359 - Berry Jim, Phoenix (USA) 2005.08.07}
) 12.Na5 Nc6 13.Bxf6 gxf6 14.Nd5 Bd8 15.Nc4 O-O 16.Nd6 Kg7 17.c3
Kg6 18.Bh3 Rb8 19.Rd2 h5 20.Re1 Be7 21.Nxc8 Rfxc8 22.Ne3 f4 23.gxf4
exf4 24.Nd5 f5 25.Nxf4+ Kg5 26.Rd5 Rg8 27.Rxf5+ Kh4+ 28.Ng2+
Kxh3 29.Re3+ Kg4 30.Rd5 Bd6 31.h3# 1-0

[Event "Washington Class Championships"]
[Site "Lynnwood, WA"]
[Date "2013.11.30"]
[Round "4"]
[White "He Anthony  (WA)"]
[Black "Gulamali Faris  (WA)"]
[Result "0-1"]
[WhiteElo "1924"]
[BlackElo "1842"]
[Annotator ""]
[Source ""]
[Remark "Expert"]

1.e4 c5 2.Nf3 Nc6 3.d4 cxd4 4.Nxd4 g6 5.Nc3 Bg7 6.Be3 Nf6 7.Bc4
O-O 8.Bb3 a5 9.O-O a4 10.Nxa4 Nxe4 11.Nb5 d6 12.Qe2 Nf6 13.Bb6
Qd7 14.c4 Nh5 15.Rad1 Nf4 16.Qc2 Ne5 17.f3 Ne6 18.Bf2 Qc6 19.Nb6
Nf4 20.Nxa8 {??} Nxf3+ 21.Kh1 Bh3 {?} ( 21...Nd2 22.Qe4 Qxe4
23.Rg1 Bh3 24.Rxd2 Bxg2+ 25.Rxg2 Qxg2# ) 22.Bg3 Bxg2+ 23.Qxg2
Nxg2 24.Nac7 Qe4 25.Nd5 Ne3 26.Nxe3 Nh4+ 27.Kg1 Qxe3+ 28.Bf2
Qg5+ 29.Bg3 Nf5 30.Rf3 h5 31.Kf2 e5 32.Nxd6 Nxd6 33.Rxd6 h4 34.c5
hxg3+ 35.hxg3 e4 36.Re3 Qxc5 ( 36...Bh6 ) 37.Rd5 Qe7 38.Bc2 Qf6+
39.Ke1 Qxb2 40.Bxe4 Qxa2 41.Rd7 b5 42.Bd5 Qb1+ 43.Ke2 Qc2+ 44.Ke1
Bc3+ 45.Rxc3 Qxc3+ 46.Kf2 b4 47.Rb7 Qd4+ 48.Ke2 Qxd5 49.Rxb4
Re8+ 50.Kf2 Qd2+ 51.Kf3 Qxb4 52.Kf2 Qc3 53.Kg2 Re3 54.g4 Qd2+
55.Kh1 Re1# 0-1

[Event "Washington Class Championships"]
[Site "Lynnwood, WA"]
[Date "2013.11.30"]
[Round "4"]
[White "Bashkansky Ethan  (WA)"]
[Black "Oshiro Michael  (WA)"]
[Result "1-0"]
[WhiteElo "2104"]
[BlackElo "2100"]
[Annotator ""]
[Source ""]
[Remark "Expert"]

1.d4 f5 2.Nc3 d5 3.Bf4 a6 4.e3 Nc6 5.Nf3 ( 5.Nf3 g6 6.a3 Bg7
7.Bd3 Nf6 8.h3 O-O 9.Ne2 Be6 10.Ng5 Bf7 11.c4 e6 12.Qc2 Ne4 13.Nxf7
Rxf7 14.Bh2 Qd7 15.O-O Raf8 16.b4 Nb8 17.a4 g5 18.b5 h5 19.Rab1
a5 20.cxd5 exd5 21.Rbc1 Rc8 22.f3 Nd6 23.Bxd6 Qxd6 24.Bxf5 Rd8
25.f4 Re7 26.fxg5 Rxe3 27.Kh1 c6 28.Bg6 h4 29.Bf7+ Kh8 30.Rf4
Re4 31.Qxe4 {1-0, Levin Felix (GER) 2498 - Lamprecht Mark (GER) 2218, Goch (Germany) 2004.10.02}
) Nf6 6.Bd3 e6 7.O-O Be7 8.Ne5 Bd7 9.Ne2 Nb4 10.a3 Nxd3 11.cxd3
O-O 12.b4 Be8 13.Qb3 Nh5 14.h3 Nxf4 15.Nxf4 Rf6 16.a4 c6 17.Ne2
Qd6 18.Rab1 Rd8 19.f4 Rh6 20.Nc3 Bf6 21.b5 axb5 22.axb5 Bxe5
23.dxe5 Qe7 24.bxc6 bxc6 25.Qb7 Rd7 26.Qa8 Ra7 27.Qb8 Kf7 28.Rb3 1-0

[Event "Washington Class Championships"]
[Site "Lynnwood, WA"]
[Date "2013.11.30"]
[Round "4"]
[White "Yu Justin  (WA)"]
[Black "Caluza Severo  (CAN)"]
[Result "1-0"]
[WhiteElo "1852"]
[BlackElo "1818"]
[Annotator ""]
[Source ""]
[Remark "A"]

1.e4 c6 2.d4 d5 3.Nc3 Nf6 4.e5 Ng8 5.Bd3 e6 6.f4 Nh6 7.Nf3 c5
8.Be3 c4 9.Be2 Nf5 10.Bf2 Bb4 11.g4 Ne7 12.a3 Ba5 13.O-O Bd7
14.Bh4 a6 15.f5 Bxc3 16.f6 gxf6 17.bxc3 Rg8 18.Bxf6 Rxg4+ 19.Kh1
Rg6 20.Ng5 Rxg5 21.Bxg5 Qa5 22.Rxf7 Kxf7 23.Bh5+ Ng6 24.Qf3+
Kg8 25.Rf1 Be8 26.Bxg6 hxg6 27.Qf8+ Kh7 28.Qh6+ 1-0

[Event "Washington Class Championships"]
[Site "Lynnwood, WA"]
[Date "2013.11.30"]
[Round "4"]
[White "Smith Micah  (WA)"]
[Black "Fryberg Skylor  (WA)"]
[Result "1/2-1/2"]
[WhiteElo "2011"]
[BlackElo "1894"]
[Annotator ""]
[Source ""]
[Remark "A"]

1.d4 Nf6 2.Bf4 c5 3.e3 e6 4.c3 Nc6 5.Nf3 cxd4 6.exd4 Be7 7.Bd3
d6 8.h3 a6 9.a4 b6 10.O-O Bb7 11.Qe2 h6 12.Nbd2 O-O 13.Rfe1 Qd7
14.Nc4 Qc7 15.Qc2 Nb8 16.Nfd2 Nbd7 17.Qb3 Rfe8 18.Ne3 Rad8 19.a5
b5 20.c4 e5 21.Bh2 exd4 22.Nf5 Nc5 23.Qc2 Nxd3 24.Qxd3 Bf8 25.Rxe8
Rxe8 26.Nxd4 b4 27.N2f3 Qd8 28.Bf4 d5 29.b3 dxc4 30.bxc4 Bc5
31.Qd1 Ne4 32.Be3 Qf6 33.Qc2 Nc3 34.Re1 Be4 35.Qb2 Rd8 36.Qb3
Bxd4 37.Nxd4 Rxd4 38.Bxd4 Qxd4 39.Qxb4 Qd2 40.Qb8+ Kh7 41.Re3
Qc1+ 42.Kh2 Qf1 43.f3 Bd3 44.Re8 Ne2 45.Rh8+ Kg6 46.Qd6+ Kg5
47.Qe7+ 1/2-1/2

[Event "Washington Class Championships"]
[Site "Lynnwood, WA"]
[Date "2013.11.30"]
[Round "4"]
[White "Mitchell Mika  (WA)"]
[Black "Soetedjo James  (WA)"]
[Result "1/2-1/2"]
[WhiteElo "1820"]
[BlackElo "1753"]
[Annotator ""]
[Source ""]
[Remark "A"]

1.e4 c5 2.Nc3 Nc6 3.f4 d6 4.Bb5 Bd7 5.Nf3 Nf6 6.e5 dxe5 7.fxe5
Ng4 8.Qe2 e6 9.h3 Nh6 10.Ne4 Qc7 11.c3 Nxe5 12.Nxe5 Qxe5 13.Bxd7+
Kxd7 14.O-O Nf5 15.Qb5+ Kc7 16.d3 a6 17.Qb3 Kc8 18.Bf4 Qd5 19.Qb6
Qc6 20.Qxc6+ bxc6 21.g4 Nh4 22.Bg3 f5 23.Bxh4 fxe4 24.dxe4 Bd6
25.Rad1 Be5 26.Rd2 Ra7 27.Rfd1 h6 28.Bf2 Rf7 29.Bxc5 h5 30.g5
g6 31.Bd6 Bf4 32.Bxf4 1/2-1/2

[Event "Washington Class Championships"]
[Site "Lynnwood, WA"]
[Date "2013.11.30"]
[Round "4"]
[White "Eken Winston  (WA)"]
[Black "Chowdhury Neil  (WA)"]
[Result "0-1"]
[WhiteElo "1622"]
[BlackElo "1586"]
[Annotator ""]
[Source ""]
[Remark "B"]

1.c4 Nf6 2.Nc3 g6 3.e4 d6 4.d3 Bg7 5.g3 Nc6 6.Nge2 Bg4
( 6...Bg4 7.Bg2 Nd4 8.O-O Qd7 9.f3 Nxe2+ 10.Qxe2 Bh3 11.Rb1 h5
12.Nd5 Nxd5 13.cxd5 Bxg2 14.Qxg2 Bd4+ 15.Kh1 h4 16.g4 Qa4 17.b3
Qb5 18.Qc2 h3 19.Bb2 Bxb2 20.Rxb2 Rc8 21.Qc4 Qd7 22.Qd4 O-O 23.Qe3
Kg7 24.Rg1 c6 25.f4 Rh8 26.f5 cxd5 27.exd5 Rc5 28.Qd4+ f6 29.fxg6
Qb5 30.Re2 Re8 31.Rge1 e5 32.dxe6 {1/2-1/2, Cazorla Emilio - Sarno Hector, Santiago (Chile) 1992}
) 7.Bg2 Nd4 8.O-O Nxe2+ 9.Nxe2 O-O 10.h3 Bc8 11.Rb1 Rb8 12.Be3
b6 13.a4 Bb7 14.b4 Nd7 15.Nd4 e5 16.Nb5 a6 17.Nc3 f5 18.d4 f4
19.gxf4 exf4 20.Bc1 Qf6 21.Nd5 Bxd5 22.cxd5 f3 23.Bh1 Qxd4 24.Bxf3
Ne5 25.Be2 Qxe4 26.Be3 Nf3+ 27.Bxf3 Rxf3 28.Qe2 Be5 29.Rfe1 Rxh3
30.f3 Qh4 0-1

[Event "Washington Class Championships"]
[Site "Lynnwood, WA"]
[Date "2013.11.30"]
[Round "4"]
[White "Hendricks David  (WA)"]
[Black "Pulfer Luke  (CAN)"]
[Result "0-1"]
[WhiteElo "1693"]
[BlackElo "1063"]
[Annotator ""]
[Source ""]
[Remark "B"]

1.d4 d5 2.Bf4 Nf6 3.e3 e6 4.Nf3 Be7 5.h3 O-O 6.Bd3 b6 7.Nbd2
Bb7 8.O-O Nbd7 9.Re1 Ne4 10.c3 f5 11.Re2 Bf6 12.Ne5 g5 13.Bh2
Nxe5 14.dxe5 Bg7 15.f3 Nc5 16.Bc2 Ba6 17.Re1 Kh8 18.b4 Nd7 19.f4
Rg8 20.Qh5 Bf8 21.Nf3 Be7 22.Kh1 Qe8 23.Qxe8 Raxe8 24.Nd4 Rg6
25.Ba4 Bc8 26.Bc2 c5 27.bxc5 Nxc5 28.g4 Ne4 29.gxf5 exf5 30.Bxe4
dxe4 31.Rg1 gxf4 32.Rxg6 hxg6 33.exf4 g5 34.Nc6 gxf4 35.Nxe7
Rxe7 36.Bxf4 Be6 37.a3 Rc7 38.Rc1 b5 39.Kg1 Rd7 40.Kf2 Rd3 41.Be3
a6 42.h4 f4 43.Bd4 Rd2+ 44.Kg1 Rd3 45.Kf2 Rd2+ 46.Kg1 Re2 47.Rd1
f3 48.Bc5 e3 49.Bd4 f2+ 50.Kf1 Rd2 0-1

[Event "Washington Class Championships"]
[Site "Lynnwood, WA"]
[Date "2013.11.30"]
[Round "4"]
[White "Padhi Pratik  (WA)"]
[Black "Condren Levi  (WA)"]
[Result "1-0"]
[WhiteElo "1566"]
[BlackElo "1364"]
[Annotator ""]
[Source ""]
[Remark "C"]

1.f4 d5 2.b3 Nc6 3.Bb2 Bf5 4.e3 e6 5.Nf3 Be7 6.Bxg7
( 6.Bxg7 Bf6 7.Bxh8 Bxh8 8.d4 a6 9.Bd3 Bg4 10.O-O Nf6 11.Nbd2
Nb4 12.a3 Nxd3 13.cxd3 Qd6 14.b4 c6 15.Qc2 Bxf3 16.Nxf3 Ng4 17.Rfe1
h5 18.Ne5 Qe7 19.Rac1 Bxe5 20.dxe5 Qh4 21.g3 Qd8 22.d4 f5 23.h3
Nh6 24.Qe2 Kd7 25.Qxh5 Qg8 26.Kf2 Qg7 27.Rh1 Kc7 28.Rcg1 Rh8
29.Qf3 Qe7 30.g4 a5 31.g5 Ng8 32.bxa5 Qxa3 33.Ra1 Qd3 34.Qe2
Qc3 35.Ra2 Ne7 36.h4 Ng6 37.h5 Nxf4 38.exf4 Qxd4+ 39.Qe3 Qc4
40.Qb6+ Kd7 41.Qxb7+ Ke8 42.Qc8+ Ke7 43.Qxh8 Qxa2+ 44.Kg3 Qb3+
45.Kh4 Qf3 46.Qf6+ Kd7 47.Qf7+ Kd8 48.Qf8+ Kd7 49.Qd6+ Kc8 50.Qxc6+
Kd8 51.Qd6+ Ke8 52.Qxe6+ Kf8 53.Qxf5+ Ke8 54.Rh2 Qe3 55.h6 Qg1
56.Rh3 Qf2+ 57.Kh5 Qe2+ 58.Kg6 Qa6+ 59.e6 Kd8 60.Qxd5+ Kc7 61.Qd7+
Kb8 62.Rb3+ Ka8 63.Qd8+ Ka7 64.Qb8# {1-0, Nicolli R - Eck J, Lansing (USA) 1995}
) Bf6 7.Bxh8 Bxh8 8.d4 Nb4 9.Bd3 Nxd3+ 10.cxd3 Qd6 11.O-O O-O-O
12.Nc3 f6 13.Rc1 a6 14.Nh4 Nh6 15.Qc2 Bg4 16.Na4 Kb8 17.Qc5 Qxc5
18.Nxc5 Ka7 19.Rf2 Kb8 20.h3 Bh5 21.Nxe6 Rd7 22.g4 Bf7 23.Nc5
Re7 24.Rf3 f5 25.g5 Bh5 26.Rg3 Ng8 27.Nxf5 Rf7 28.Nh4 h6 29.g6
Re7 30.Nf5 Re8 31.g7 Bxg7 32.Nxg7 Nf6 33.Nxe8 Bxe8 34.e4 Nh5
35.Rg8 Nf6 36.Rf8 dxe4 37.dxe4 Ka7 38.Rxf6 1-0

[Event "Washington Class Championships"]
[Site "Lynnwood, WA"]
[Date "2013.11.30"]
[Round "4"]
[White "Jung Trevor  (WA)"]
[Black "Tu Robin  (WA)"]
[Result "1/2-1/2"]
[WhiteElo "1610"]
[BlackElo "1538"]
[Annotator ""]
[Source ""]
[Remark "C"]

1.e4 d6 2.d4 Nf6 3.Nc3 g6 4.f4 Bg7 5.Nf3 O-O 6.Bd3 c6 7.h3 Qb6
8.O-O Nbd7 9.Kh1 Nh5 10.Ne2 c5 11.c3 Qc7 12.Be3 c4 13.Bc2 b5
14.Qd2 Bb7 15.f5 Nhf6 16.Ng3 e6 17.Bh6 Ne8 18.Rae1 d5 19.fxe6
fxe6 20.e5 Nb6 21.Be3 a5 22.Ng5 Qe7 23.Rxf8+ Bxf8 24.Rf1 Bh6
25.Qf2 Ng7 26.Nf7 Bxe3 27.Qxe3 Nf5 28.Nxf5 gxf5 29.Nd6 Bc6 30.Rf3
Nc8 31.Nxc8 ( 31.Bxf5 ) Rxc8 32.Rg3+ Kh8 33.Qh6 Rg8 34.Rxg8+
Kxg8 35.Bxf5 exf5 36.Qxc6 Qg5 37.Qxd5+ Kg7 38.e6 Qc1+ 39.Kh2
Qf4+ 40.g3 Qf2+ 41.Qg2 Qe3 42.e7 Qxe7 43.Qd2 b4 44.d5 Kf7 45.d6
bxc3 46.Qxc3 Qe2+ 47.Kg1 Qd1+ 48.Kf2 Qxd6 49.Qxc4+ Kg6 50.Kf3
Qd1+ 51.Qe2 Qd5+ 52.Kf2 Qxa2 53.h4 Qd5 54.Qe8+ Qf7 55.h5+ Kf6
56.Qxf7+ Kxf7 57.Kf3 Kf6 58.Kf4 a4 59.g4 fxg4 60.Kxg4 h6 1/2-1/2

[Event "Washington Class Championships"]
[Site "Lynnwood, WA"]
[Date "2013.11.30"]
[Round "4"]
[White "Smith Andrew  (WA)"]
[Black "Guo Raymond  (WA)"]
[Result "0-1"]
[WhiteElo "1161"]
[BlackElo "1390"]
[Annotator ""]
[Source ""]
[Remark "D"]

1.e4 e5 2.Nf3 Nc6 3.d4 exd4 4.Bc4 Bc5 5.Ng5 Nh6 6.Nxf7 Nxf7 7.Bxf7+
Kxf7 8.Qh5+ g6 9.Qxc5 d6 10.Qa3 Re8 11.O-O Rxe4 ( 11...Kg8 12.Qb3+
Kh8 13.Qg3 Rxe4 14.Bg5 Qf8 15.f3 Re6 16.Nd2 Bd7 17.Ne4 Rae8 18.Qh4
Qf7 19.Rad1 Re5 20.Bf6+ Kg8 21.Bxe5 Rxe5 22.Nf6+ Kh8 23.Nxd7
Qxd7 24.Rfe1 Qe6 25.f4 Re3 26.Rf1 Re2 27.Rf3 Rxc2 28.Rh3 Qe7
29.Qg4 Qe8 30.f5 Ne5 31.Qh4 Qg8 32.fxg6 Qxg6 33.Rg3 Qf5 34.Qd8+
{1-0, Capurro Giuliano (ITA) 2142 - Tomba Patrizia (ITA) 1742, Salsomaggiore (Italy) 2005.06.20}
) 12.Qf3+ Bf5 13.Nd2 Rg4 14.Re1 Ne5 15.Qd5+ Kg7 16.Nf3 c6 17.Qb3
Nxf3+ 18.Qxf3 Qf8 19.Bf4 d5 ( 19...Qf6 ) 20.g3 Qc5 21.h3 Rxf4
22.Qxf4 Rf8 23.Kh2 {?} ( 23.b4 ) Bxc2 24.Qe5+ Kg8 25.Rac1 Rxf2+
26.Kg1 d3 27.Qe3 Qxe3 28.Rxe3 d2 29.Rd1 Bxd1 30.Kxf2 Bc2 31.Re1
dxe1Q+ 32.Kxe1 Kf7 33.Kd2 Be4 34.Ke3 Ke6 35.Kd4 Kf5 36.b4 Bg2
37.b5 cxb5 38.h4 Kg4 0-1

[Event "Washington Class Championships"]
[Site "Lynnwood, WA"]
[Date "2013.11.30"]
[Round "4"]
[White "Newstead Brumas  (WA)"]
[Black "Farny Andreas  (WA)"]
[Result "0-1"]
[WhiteElo "1510"]
[BlackElo "1424"]
[Annotator ""]
[Source ""]
[Remark "D"]

1.e4 c5 2.c3 d5 3.exd5 Qxd5 4.Nf3 Nc6 5.d4 e6 6.Be3 cxd4 7.cxd4
Nf6 8.Nc3 Qd8 9.Bd3 Be7 10.O-O O-O 11.a3 b6 12.Qc2 Bb7 13.Rad1
Kh8 14.Ne4 h6 15.Nxf6 Bxf6 16.Be4 Rc8 17.Qb1 Qe7 18.Rfe1 Qc7
19.d5 exd5 20.Bxd5 Ne7 21.Bxb7 Qxb7 22.Bf4 Ng6 23.Bg3 Kg8 24.Rc1
Rfd8 25.Re2 Rxc1+ 26.Qxc1 Rc8 27.Rc2 Rxc2 28.Qxc2 Qd7 29.h3 Qe7
30.a4 Kh7 31.b3 Qe6 32.Nh4 Qd5 33.Nxg6 fxg6 34.Bb8 a6 35.Bc7
b5 36.f3 Qd4+ 37.Kh2 Be5+ 38.Bxe5 Qxe5+ 39.g3 Qd5 40.Kg2 Qd7
41.h4 h5 42.Kf2 Qd4+ 43.Ke2 Qe5+ 44.Kf2 Qd4+ 45.Kg2 Qd7 46.axb5
axb5 47.Qc3 Qe6 48.f4 Qe2+ 49.Kg1 Qd1+ 50.Kf2 Qd5 51.Ke2 Qg2+
52.Kd1 Qf1+ 53.Kc2 Qe2+ 54.Qd2 Qf3 55.Qd3 Qf2+ 56.Kc3 Qe1+ 57.Kd4
Qb4+ 58.Kd5 Qe1 59.Kc5 b4 60.f5 Qc3+ 61.Qc4 gxf5 0-1